00839cam a22002651 4500001001300000003000400013005001700017008004100034010001700075025001800092035001800110040002500128042001200153050001700165082001000182100002400192245006000216260007900276300002400355500008600379504003000465650004100495650002000536999001700556he 66001410 DLC20260227111440.0720323s1966 is b 000 0 eng  ahe 66001410  aPL480:Is-3385 a(OCoLC)269583 aDLCcOSWdOCoLCdDLC apremarc00aLA1441b.K58 a331.22 aKlinov-Malul, Ruth.14aThe profitability of investment in education in Israel. aJerusalem,bMaurice Falk Institute for Economic Research in Israel,c1966. axiv, 109 p.c25 cm. aBased on the author's doctoral thesis presented to the Hebrew University, Israel. aBibliography: p. 105-107. 0aEducationxEconomic aspectszIsrael. 0aIncomezIsrael. c31898d31898